000
00309nam a2200133Ia 4500
008
150201s2011 xx 000 0 und d
082
_a
615
_b
P11S
100
_a
SHANBHAG, T.V.
245
_a
PHARMACOLOGY
260
_b
ELSEVIER
_a
INDIA
_c
2011
300
_a
1-485
650
_a
PHARMACOLOGY
942
_2
ddc
_c
BK
_0
96
999
_c
1397
_d
1397